000 02153nam a2200541 i 4500
001 1670
003 KOSZ 005
005 20220405134622.0
008 220405s1981 pl a f 001 0 pol
015 _aPB 1981/4762
020 _a8321329616
035 _a(OCoLC)749346529
040 _aWA N
_cWA N
_dKOSZ 005/EC
_dKOSZ 005/RW
041 1 _apol
_hger
046 _k1974
080 _a697-045.4
080 _a624.01/.07
245 0 0 _aProjekt klimatyzacji a projekt budynku /
_cGerhard Lampe [et al.] ; tłumaczyli Gerard Jan Besler, Grzegorz Kłobut.
246 1 _iTytuł oryginału:
_aLüftungs-und Klimaanlagen in der Bauplannung Grundlagen, Systeme, Ausführungen,
_f1974.
260 _aWarszawa :
_b"Arkady",
_c1981.
300 _a267, [1] stron :
_bilustracje (w tym kolorowe), tabele, wykresy ;
_c25 cm.
336 _aTekst
_btxt
_2rdacontent
337 _aBez urządzenia pośredniczącego
_bn
_2rdamedia
338 _aWolumin
_bnc
_2rdacarrier
380 _aKsiążki
380 _aPublikacje fachowe
380 _aPublikacje dydaktyczne
385 _mPoziom nauczania
_aSzkoły wyższe
388 1 _a1901-2000
388 1 _a1945-1989
504 _aBibliografia na stronach 261-[264]. Indeks.
521 8 _aKsiążka przeznaczona jest dla inżynierów architektów, inżynierów budowlanych i sanitarnych zatrudnionych w biurach projektów. Mogą z niej korzystać studenci wyższych uczelni technicznych.
650 7 _aProjektowanie
650 7 _aKlimatyzacja
650 7 _aBudownictwo
655 7 _aOpracowanie
658 _aInżynieria i technika
658 _aArchitektura i budownictwo
700 1 _aLampe, Gerhard
_d(1938- )
_eAutor
700 1 _aPfeil, Axel
_eAutor
700 1 _aSchmittlutz, Rüdiger
_eAutor
700 1 _aTokarz, Mathias
_eAutor
700 1 _aKłobut, Grzegorz
_eTłumaczenie
700 1 _aBesler, Gerard Jan
_d(1932- )
_eTłumaczenie
710 2 _aWydawnictwo Arkady
_4pbl.
856 _uhttp://koha.tu.koszalin.pl/cgi-bin/koha/opac-detail.pl?biblionumber=1670
_yKatalog online BPK
942 _2UKD
_cKS
999 _c1670
_d1670